000 00744nam a2200205 4500
001 148218
003 ES-MaACL
007 t|
008 070214s1942 mx r ||||1| spa d
100 1 _aStolper, Gustav.
_9108295
245 1 0 _aHistoria económica de Alemania
_b: (de 1870 a 1940) : problemas y tendencias /
_cGustav Stolper ; versión española de Raúl Martínez Ostos.
250 _a[1ª ed. española].
260 _aMéxico :
_bFondo de Cultura Económica,
_c[1942] (
_fGráf. Panamericana)
300 _a262 p. ;
_c20 cm.
490 1 _aSección de obras de Economía
700 1 _aMartínez Ostos, Raul.
_9184020
830 0 _aSección de obras de Economía
_9179924
852 _aES-MaACL
_jE-883
_bR.27315
999 _c148218
_d148218